00721nam a2200241 a 4500001001300000003000900013005001700022008004100039020002300080082001800103100001800121245002700139260004000166300000900206500003500215505001700250650002900267700001800296902000800314942000700322952013300329999001700462nice12345678IN_TiNIC20260116014934.0100921s1993 jeda grp 000 0 eng  a0340580445 c50000a261.8362bHAR aHarris, Peter aUnder the Bright Wings aJeddahbHodder and Stoughton c1993 a176p aincludes index and biblioraphy2 aBibliography aEcology and Christianity1 aHarris, Peter bSRS cBK 001040708StackRoom-aHMIbHMId2010-09-21g500.00l1o261.8362 HARp11001986r2018-07-30s2018-06-26v500.00w2010-09-21yBK c17633d17633